Управленческие решения: учебное пособие

Détails bibliographiques
Auteur principal: Петухов О. Н. Олег Николаевич
Collectivité auteur: Национальный исследовательский Томский политехнический университет (ТПУ)
Résumé:Заглавие с титульного экрана
В пособии изложены основы принятия, технологии управленческих решений. Дано описание процесса принятия управленческих решений. Рассмотрены современные представления о процессе принятия управленческих решений, о процессе принятия управленческих решений в условиях неопределенности. Предназначено для студентов, обучающихся по специальности 080502 "Экономика и управление на предприятии (по отраслям)" направление "Менеджмент".
Режим доступа: из корпоративной сети ТПУ
Langue:russe
Publié: Томск, Изд-во ТПУ, 2011
Sujets:
Accès en ligne:http://www.lib.tpu.ru/fulltext2/m/2011/m401.pdf
Format: Électronique Livre
KOHA link:https://koha.lib.tpu.ru/cgi-bin/koha/opac-detail.pl?biblionumber=203889

MARC

LEADER 00000nlm0a2200000 4500
001 203889
005 20231101225158.0
035 |a (RuTPU)RU\TPU\book\222212 
035 |a RU\TPU\book\222210 
090 |a 203889 
100 |a 20111114d2011 m y0rusy50 ca 
101 0 |a rus 
102 |a RU 
105 |a a j 001zy 
135 |a drgn ---uucaa 
181 0 |a i  
182 0 |a b 
200 1 |a Управленческие решения  |b Электронный ресурс  |e учебное пособие  |f О. Н. Петухов  |g Национальный исследовательский Томский политехнический университет (ТПУ) 
203 |a Текст  |c электронный 
210 |a Томск  |c Изд-во ТПУ  |d 2011 
230 |a 1 компьютерный файл (pdf; 1.0 MB) 
300 |a Заглавие с титульного экрана 
330 |a В пособии изложены основы принятия, технологии управленческих решений. Дано описание процесса принятия управленческих решений. Рассмотрены современные представления о процессе принятия управленческих решений, о процессе принятия управленческих решений в условиях неопределенности. Предназначено для студентов, обучающихся по специальности 080502 "Экономика и управление на предприятии (по отраслям)" направление "Менеджмент". 
333 |a Режим доступа: из корпоративной сети ТПУ 
337 |a Adobe Reader 
606 1 |a Управленческие решения  |x Принятие  |2 stltpush  |3 (RuTPU)RU\TPU\subj\37173  |9 58293 
610 1 |a электронный ресурс 
610 1 |a труды учёных ТПУ 
610 1 |a учебные пособия 
610 1 |a управленческие решения 
610 1 |a технологии 
610 1 |a процессы 
610 1 |a условия неопределенности 
610 1 |a теоретические основы 
610 1 |a методы 
610 1 |a эффективность 
610 1 |a стратегии 
686 |a У9(2)212.8я73  |v LBC/SL-A  |2 rubbk 
700 1 |a Петухов  |b О. Н.  |c экономист  |c доцент Томского политехнического университета, кандидат экономических наук  |f 1975-  |g Олег Николаевич  |2 stltpush  |3 (RuTPU)RU\TPU\pers\25436 
712 0 2 |a Национальный исследовательский Томский политехнический университет (ТПУ)  |c (2009- )  |2 stltpush  |3 (RuTPU)RU\TPU\col\15902 
801 1 |a RU  |b 63413507  |c 20111114 
801 2 |a RU  |b 63413507  |c 20120214  |g RCR 
856 4 |u http://www.lib.tpu.ru/fulltext2/m/2011/m401.pdf 
942 |c CF